Statistics for Manila * Philippine National Railway (PNR) - Metro South Commuter Line

Click here to take the quiz!

General Stats

  • This quiz has been taken 24 times
  • The average score is 11 of 26

Answer Stats

North to South% Correct
Tutuban
78%
Santa Mesa
72%
Blumentritt
67%
Alabang
61%
EDSA
61%
España
61%
Buendia
56%
FTI
56%
Bicutan
50%
Calamba
50%
Nichols
50%
Sucat
50%
Santa Rosa
44%
Paco
39%
Pasay Road
39%
Vito Cruz
39%
Pandacan
33%
San Pedro
33%
Muntinlupa
28%
San Andres
28%
Biñan
22%
Cabuyao
22%
Laong Laan
11%
Mamatid
6%
Pacita MG
6%
Golden City 1
0%

Score Distribution

Percentile by Number Answered

Percent of People with Each Score

Your Score History

You have not taken this quiz